Statistics for Biggest Cities in Europe with a Map (extreme)

Click here to take the quiz!

General Stats

  • This quiz has been taken 5,450 times
    (4,967 since last reset)
  • The average score is 270 of 683

Answers on the Map

Answers color-coded by a green-red scale on the quiz's map according to % correct below.
 

Answer Stats

CitiesPopulationCountry% Correct
Dublin1,173,179Ireland
95%
London9,325,473United Kingdom
95%
Oslo1,019,513Norway
94%
Paris10,212,519France
94%
Berlin3,848,333Germany
93%
Helsinki1,286,172Finland
93%
Madrid3,495,111Spain
93%
Rome2,904,080Italy
93%
Stockholm1,734,973Sweden
93%
Athens3,210,215Greece
92%
Barcelona2,529,507Spain
92%
Copenhagen1,320,629Denmark
92%
Istanbul9,800,219Turkey
92%
Lisbon1,739,586Portugal
92%
Moscow12,806,620Russia
92%
Amsterdam1,027,401Netherlands
91%
Glasgow929,690United Kingdom
91%
Kiev2,950,819Ukraine
91%
Milan4,155,200Italy
91%
Saint Petersburg5,383,890Russia
91%
Brussels1,491,295Belgium
90%
Edinburgh498,050United Kingdom
90%
Hamburg2,108,426Germany
90%
Manchester1,576,501United Kingdom
90%
Munich1,638,536Germany
90%
Naples2,922,152Italy
90%
Prague1,308,632Czech Republic
90%
Vienna1,911,728Austria
90%
Warsaw1,777,972Poland
90%
Budapest1,973,157Hungary
89%
Liverpool704,253United Kingdom
89%
Belfast463,940United Kingdom
88%
Birmingham2,501,887United Kingdom
88%
Bucharest1,989,461Romania
88%
Riga632,614Latvia
88%
Sofia1,241,675Bulgaria
88%
Frankfurt am Main746,376Germany
87%
Marseille985,862France
87%
Minsk1,992,685Belarus
87%
Porto1,177,286Portugal
87%
Reykjavík211,535Iceland
87%
Tallinn434,562Estonia
87%
Venice260,520Italy
87%
Zagreb757,585Croatia
87%
Belgrade1,192,113Serbia
86%
Bern228,474Switzerland
86%
Lyon1,343,900France
86%
Rotterdam863,520Netherlands
86%
Nice483,885France
85%
Sarajevo394,551Bosnia and Herzegovina
85%
Turin1,231,746Italy
85%
Vilnius551,020Lithuania
85%
Zürich736,165Switzerland
85%
Cologne1,061,296Germany
84%
Florence542,610Italy
84%
Tirana618,693Albania
84%
Valencia1,168,526Spain
84%
Cardiff381,424United Kingdom
83%
Geneva436,021Switzerland
83%
Kraków771,069Poland
83%
Leeds561,062United Kingdom
83%
Palermo663,401Italy
83%
Seville846,634Spain
83%
Bordeaux796,523France
82%
Bratislava432,864Slovakia
82%
Antwerp786,138Belgium
81%
Cork208,669Ireland
81%
Malmö317,245Sweden
81%
Newcastle upon Tyne700,245United Kingdom
81%
Odessa1,013,159Ukraine
81%
Gdańsk466,631Poland
80%
Skopje509,900North Macedonia
80%
The Hague693,885Netherlands
80%
Thessaloniki783,649Greece
80%
Dresden669,530Germany
79%
Düsseldorf641,122Germany
79%
Genoa578,000Italy
79%
Gothenburg642,202Sweden
79%
Lille922,518France
78%
Strasbourg421,629France
78%
Stuttgart745,520Germany
78%
Toulouse878,733France
78%
Bergen257,087Norway
77%
Chișinău565,657Moldova
77%
Ljubljana284,355Slovenia
77%
Aberdeen204,170United Kingdom
76%
Bilbao347,372Spain
76%
Bremen608,353Germany
76%
Bristol645,400United Kingdom
76%
Leipzig596,064Germany
76%
Nuremberg625,640Germany
75%
Southampton269,781United Kingdom
75%
Essen / Bochum / Gelsenkirchen / Oberhausen / Mülheim / Herne...2,098,657Germany
74%
Lviv724,713Ukraine
74%
Málaga532,767Spain
74%
Salzburg155,031Austria
74%
Sheffield551,894United Kingdom
74%
Hanover634,550Germany
73%
Kharkiv1,446,107Ukraine
73%
Nantes567,239France
73%
Pristina164,271Kosovo
73%
Bologna460,661Italy
72%
Donetsk913,323Ukraine
71%
Kaliningrad482,443Russia
71%
Oxford163,938United Kingdom
71%
Palma397,243Spain
71%
Zaragoza646,585Spain
71%
Dortmund639,998Germany
70%
Nottingham571,863United Kingdom
70%
Podgorica163,720Montenegro
70%
Bari320,862Italy
69%
Brest164,120France
69%
Brest350,616Belarus
69%
Łódź685,285Poland
69%
Luxembourg122,273Luxembourg
69%
Split196,791Croatia
69%
Volgograd1,013,468Russia
69%
Aarhus277,086Denmark
68%
Basel323,599Switzerland
68%
Bonn361,926Germany
68%
Innsbruck131,989Austria
68%
Leicester486,976United Kingdom
68%
Utrecht368,531Netherlands
68%
Brighton and Hove311,968United Kingdom
67%
Brno380,681Czech Republic
67%
Cambridge143,127United Kingdom
67%
Plymouth266,823United Kingdom
67%
York164,504United Kingdom
67%
Ghent273,879Belgium
66%
Rostov-on-Don1,133,307Russia
66%
Sevastopol397,474Ukraine
66%
Granada354,042Spain
65%
Graz291,007Austria
65%
Nizhny Novgorod1,253,511Russia
65%
Swansea160,970United Kingdom
65%
Montpellier370,773France
64%
Trieste204,267Italy
64%
Verona257,993Italy
64%
Bruges108,150Belgium
63%
Catania561,579Italy
63%
Kiel265,127Germany
62%
Kingston upon Hull318,351United Kingdom
62%
Liège430,836Belgium
62%
Mannheim304,339Germany
62%
Aachen234,070Germany
61%
Cagliari286,155Italy
61%
Portsmouth249,048United Kingdom
61%
Wrocław640,648Poland
61%
Dnipro998,103Ukraine
60%
Dundee158,760United Kingdom
60%
Katowice294,510Poland
60%
Kazan1,251,969Russia
60%
Norwich197,013United Kingdom
60%
Trondheim186,364Norway
60%
Eindhoven276,979Netherlands
59%
Murcia272,480Spain
59%
Murmansk292,465Russia
59%
Lausanne267,796Switzerland
58%
Linz206,604Austria
58%
Rennes278,989France
58%
A Coruña294,270Spain
57%
Córdoba305,210Spain
57%
Dijon220,287France
57%
Poznań536,438Poland
57%
Alicante323,174Spain
56%
Cluj-Napoca331,974Romania
56%
Coventry375,873United Kingdom
56%
Tampere337,541Finland
56%
Ufa1,124,226Russia
56%
Varna336,505Bulgaria
56%
Heraklion170,279Greece
55%
Kaunas289,380Lithuania
55%
Novi Sad244,347Serbia
55%
Perm1,053,934Russia
55%
Turku274,896Finland
55%
Uppsala162,089Sweden
55%
Groningen206,514Netherlands
54%
Samara1,156,608Russia
54%
Szczecin402,465Poland
54%
Aalborg115,908Denmark
53%
Le Havre195,042France
53%
Saarbrücken174,725Germany
53%
Vigo291,433Spain
53%
Bielefeld302,345Germany
52%
Bournemouth / Poole357,404United Kingdom
52%
Grenoble403,029France
52%
Northampton230,583United Kingdom
52%
Parma196,518Italy
52%
Reims211,812France
52%
Augsburg349,714Germany
51%
Blackpool193,862United Kingdom
51%
Krasnodar918,145Russia
51%
Luhansk403,938Ukraine
51%
Mariupol440,367Ukraine
51%
Oulu202,586Finland
51%
Plovdiv346,893Bulgaria
51%
Potsdam163,996Germany
51%
Rostock209,367Germany
51%
Stoke-on-Trent356,993United Kingdom
51%
Toulon404,443France
51%
Bath103,361United Kingdom
50%
Charleroi278,856Belgium
50%
Donostia-San Sebastián191,641Spain
50%
Freiburg im Breisgau231,227Germany
50%
Pamplona320,116Spain
50%
Cádiz116,027Spain
49%
Exeter128,847United Kingdom
49%
Maastricht118,905Netherlands
49%
Nancy246,849France
49%
Padua305,501Italy
49%
Rouen372,951France
49%
Valladolid293,504Spain
49%
Ipswich168,870United Kingdom
48%
Lübeck213,606Germany
48%
Mainz200,706Germany
48%
Messina232,555Italy
48%
Metz187,373France
48%
Münster277,766Germany
48%
Odense179,601Denmark
48%
Reading268,062United Kingdom
48%
Derby264,253United Kingdom
47%
Duisburg184,401Germany
47%
Dunkirk144,056France
47%
Lublin339,682Poland
47%
Orléans282,269France
47%
Stavanger131,743Norway
47%
Tours269,993France
47%
Arkhangelsk348,343Russia
46%
Bergamo374,290Italy
46%
Bradford392,254United Kingdom
46%
Debrecen201,432Hungary
46%
Ostrava289,128Czech Republic
46%
Avignon182,022France
45%
Karlsruhe288,536Germany
45%
Košice238,757Slovakia
45%
Sunderland175,021United Kingdom
45%
Voronezh1,054,111Russia
45%
Caen187,860France
44%
Constanța279,462Romania
44%
Gomel536,938Belarus
44%
Magdeburg235,931Germany
44%
Plzeň172,441Czech Republic
44%
Syracuse103,979Italy
44%
Timișoara329,243Romania
43%
Wuppertal375,621Germany
43%
Braga137,206Portugal
42%
Brescia273,063Italy
42%
Gijón258,039Spain
42%
Middlesbrough177,012United Kingdom
42%
Modena186,307Italy
42%
Niš180,951Serbia
42%
Saint-Étienne261,471France
42%
Santander178,277Spain
42%
Ulm149,092Germany
42%
Grozny301,253Russia
41%
Saratov841,902Russia
41%
Wolfsburg109,061Germany
41%
Bremerhaven128,604Germany
40%
Durrës113,249Albania
40%
Gdynia246,309Poland
40%
Heidelberg173,728Germany
40%
Lucerne198,581Switzerland
40%
Tiraspol128,600Moldova
40%
Blackburn147,413United Kingdom
39%
Burgas202,434Bulgaria
39%
Bydgoszcz350,178Poland
39%
Chemnitz249,597Germany
39%
Girona131,981Spain
39%
Gloucester147,357United Kingdom
39%
Le Mans171,063France
39%
León163,151Spain
39%
Luton274,473United Kingdom
39%
Mönchengladbach253,577Germany
39%
Newport134,920United Kingdom
39%
Nîmes150,610France
39%
Preston203,239United Kingdom
39%
Taranto196,702Italy
39%
Veliky Novgorod224,297Russia
39%
Zaporizhia738,728Ukraine
39%
Amiens159,811France
38%
Angers218,520France
38%
Astrakhan534,241Russia
38%
Clermont-Ferrand229,377France
38%
Erfurt188,200Germany
38%
Haarlem204,449Netherlands
38%
Halle (Saale)239,048Germany
38%
Iași298,033Romania
38%
Klaipéda149,157Lithuania
38%
Perpignan152,277France
38%
Regensburg144,272Germany
38%
Rijeka117,415Croatia
38%
Rimini185,757Italy
38%
Sale211,168United Kingdom
38%
Banja Luka156,010Bosnia and Herzegovina
37%
Braunschweig219,794Germany
37%
Lincoln123,322United Kingdom
37%
Patras168,160Greece
37%
Salamanca166,141Spain
37%
Smolensk329,427Russia
37%
Southend-on-Sea269,186United Kingdom
37%
Tarragona111,969Spain
37%
Udine126,175Italy
37%
Arnhem179,006Netherlands
36%
Bolton273,538United Kingdom
36%
Kassel256,556Germany
36%
Limoges177,426France
36%
Mulhouse222,420France
36%
Oviedo201,327Spain
36%
Peterborough177,683United Kingdom
36%
Simferopol341,536Ukraine
36%
Worcester103,355United Kingdom
36%
Aix-en-Provence142,482France
35%
Almería184,384Spain
35%
Białystok297,459Poland
35%
Breda178,028Netherlands
35%
Edirne172,802Turkey
35%
Ingolstadt124,825Germany
35%
Kherson289,096Ukraine
35%
Kursk449,556Russia
35%
Leverkusen138,297Germany
35%
Linköping116,368Sweden
35%
Livorno161,123Italy
35%
Ravenna157,663Italy
35%
Reggio di Calabria168,721Italy
35%
Trento118,288Italy
35%
Trier106,374Germany
35%
Tver420,850Russia
35%
Vladimir357,907Russia
35%
Wiesbaden242,948Germany
35%
Yaroslavl609,828Russia
35%
Flensburg102,320Germany
34%
Helsingborg110,520Sweden
34%
Jena104,517Germany
34%
Klagenfurt am Wörthersee101,303Austria
34%
Milton Keynes238,591United Kingdom
34%
Orenburg565,341Russia
34%
Tilburg229,897Netherlands
34%
Bolzano107,739Italy
33%
Brașov254,446Romania
33%
Koblenz120,675Germany
33%
Larissa140,276Greece
33%
La Rochelle106,118France
33%
Nijmegen186,601Netherlands
33%
Oldenburg176,762Germany
33%
Pskov210,116Russia
33%
Salerno133,364Italy
33%
Tula479,105Russia
33%
Alkmaar102,683Netherlands
32%
Colchester136,268United Kingdom
32%
Enschede151,081Netherlands
32%
Grodno373,547Belarus
32%
Örebro124,027Sweden
32%
Osnabrück169,584Germany
32%
Pau137,985France
32%
Pécs142,873Hungary
32%
Pescara216,051Italy
32%
Swindon196,431United Kingdom
32%
Tolyatti702,831Russia
32%
Vitoria-Gasteiz248,171Spain
32%
Belgorod392,426Russia
31%
Darmstadt152,329Germany
31%
Elche190,934Spain
31%
Getafe173,762Spain
31%
Jerez de la Frontera196,276Spain
31%
Leiden205,968Netherlands
31%
Würzburg139,712Germany
31%
Burgos173,445Spain
30%
Ferrara132,052Italy
30%
Győr132,038Hungary
30%
Huddersfield171,506United Kingdom
30%
Kryvyi Rih624,579Ukraine
30%
Lens / Liévin269,029France
30%
Makhachkala601,286Russia
30%
Marbella133,667Spain
30%
Mykolaiv483,186Ukraine
30%
Perugia153,826Italy
30%
Ryazan539,789Russia
30%
Sassari123,637Italy
30%
Västerås126,190Sweden
30%
Watford168,352United Kingdom
30%
Besançon129,702France
29%
Bryansk404,793Russia
29%
Cartagena155,119Spain
29%
Doncaster143,029United Kingdom
29%
Huelva143,519Spain
29%
Leuven134,831Belgium
29%
Vitebsk378,459Belarus
29%
Wigan120,092United Kingdom
29%
Zwolle126,072Netherlands
29%
Almere207,904Netherlands
28%
Annecy148,540France
28%
Badajoz133,842Spain
28%
Burnley131,989United Kingdom
28%
Göttingen110,449Germany
28%
Hamm171,951Germany
28%
Ivanovo405,053Russia
28%
Lahti119,459Finland
28%
Lipetsk509,420Russia
28%
Mons150,292Belgium
28%
Paderborn125,338Germany
28%
Poitiers107,298France
28%
Reggio nell'Emilia171,999Italy
28%
s-Hertogenbosch146,335Netherlands
28%
Stavropol437,367Russia
28%
Ulyanovsk627,870Russia
28%
Foggia151,203Italy
27%
Gillingham / Chatham / Rochester255,423United Kingdom
27%
Kirov512,954Russia
27%
Oryol311,625Russia
27%
Penza522,317Russia
27%
Poltava288,324Ukraine
27%
Prato194,590Italy
27%
Slough164,455United Kingdom
27%
Szeged160,766Hungary
27%
Apeldoorn146,060Netherlands
26%
Castelló de la Plana145,118Spain
26%
Dordrecht222,744Netherlands
26%
Eastbourne124,641United Kingdom
26%
Jaén108,937Spain
26%
Latina118,376Italy
26%
Liberec104,445Czech Republic
26%
Piacenza103,942Italy
26%
Sumy263,448Ukraine
26%
Troyes132,168France
26%
Vicenza110,790Italy
26%
Albacete166,987Spain
25%
Bayonne146,127France
25%
Cheltenham117,836United Kingdom
25%
Craiova255,108Romania
25%
Erlangen101,396Germany
25%
Galați234,412Romania
25%
Grimsby127,561United Kingdom
25%
Heilbronn113,632Germany
25%
Izhevsk648,944Russia
25%
Jyväskylä126,606Finland
25%
Kaluga336,726Russia
25%
Kerch151,025Ukraine
25%
Krefeld221,252Germany
25%
Ludwigshafen am Rhein164,457Germany
25%
Mogilev383,313Belarus
25%
Olomouc100,523Czech Republic
25%
Valenciennes136,404France
25%
Warrington172,192United Kingdom
25%
Winterthur116,795Switzerland
25%
Amersfoort156,286Netherlands
24%
Barnsley107,315United Kingdom
24%
Bedford114,122United Kingdom
24%
Birkenhead264,063United Kingdom
24%
Chelmsford117,592United Kingdom
24%
Chernihiv288,268Ukraine
24%
Częstochowa222,292Poland
24%
Delft125,448Netherlands
24%
Hagen206,751Germany
24%
Ivano-Frankivsk236,602Ukraine
24%
Lleida132,461Spain
24%
Rotherham111,097United Kingdom
24%
Treviso118,445Italy
24%
Vinnytsia369,839Ukraine
24%
Kortrijk139,418Belgium
23%
Logroño150,844Spain
23%
Novara104,279Italy
23%
Radom213,029Poland
23%
Rivne246,535Ukraine
23%
Tambov291,663Russia
23%
Toruń202,074Poland
23%
Algeciras120,782Spain
22%
Arad154,131Romania
22%
Crawley112,529United Kingdom
22%
Forlì117,798Italy
22%
Kielce195,774Poland
22%
Lutsk216,887Ukraine
22%
Miskolc154,521Hungary
22%
Offenbach am Main151,807Germany
22%
Opole128,137Poland
22%
Ourense105,233Spain
22%
Pforzheim116,183Germany
22%
Ploiești197,549Romania
22%
Prizren108,939Kosovo
22%
Ruse142,902Bulgaria
22%
Terni110,749Italy
22%
Ternopil221,820Ukraine
22%
Vologda311,846Russia
22%
Volos118,185Greece
22%
Wakefield116,895United Kingdom
22%
Worthing114,662United Kingdom
22%
Chambéry119,042France
21%
Maidstone118,899United Kingdom
21%
Neuss161,216Germany
21%
Oradea191,520Romania
21%
Pinsk137,960Belarus
21%
Reus101,556Spain
21%
Reutlingen115,821Germany
21%
Rochdale138,134United Kingdom
21%
Rzeszów191,564Poland
21%
Sibiu148,564Romania
21%
Solingen156,625Germany
21%
Stara Zagora135,715Bulgaria
21%
St Helens121,409United Kingdom
21%
Telford132,198United Kingdom
21%
Terrassa221,853Spain
21%
Vladikavkaz304,897Russia
21%
Woking107,849United Kingdom
21%
Cherkasy276,360Ukraine
20%
Chernivtsi266,533Ukraine
20%
Gliwice179,806Poland
20%
High Wycombe108,350United Kingdom
20%
Kostroma276,064Russia
20%
Kragujevac149,125Serbia
20%
Magnitogorsk413,267Russia
20%
Melitopol153,112Ukraine
20%
Petrozavodsk280,170Russia
20%
Sabadell277,639Spain
20%
Saransk318,578Russia
20%
Šiauliai101,514Lithuania
20%
Stockton-on-Tees110,497United Kingdom
20%
Tekirdağ174,685Turkey
20%
Uzhhorod114,897Ukraine
20%
Varese130,583Italy
20%
Zhytomyr265,240Ukraine
20%
Barysaw142,681Belarus
19%
Basildon116,573United Kingdom
19%
Basingstoke114,170United Kingdom
19%
Bergisch Gladbach106,784Germany
19%
Birkirkara (Northern Harbour)179,441Malta
19%
Cheboksary495,317Russia
19%
Çorlu288,692Turkey
19%
Dos Hermanas130,470Spain
19%
Heerlen173,591Netherlands
19%
Ludwigsburg101,507Germany
19%
Novorossiysk275,197Russia
19%
Olsztyn172,362Poland
19%
Płock120,000Poland
19%
Zaandam112,727Netherlands
19%
Bacău136,906Romania
18%
Baia Mare119,036Romania
18%
Brăila162,469Romania
18%
Douai110,839France
18%
Elbląg120,142Poland
18%
Mansfield100,743United Kingdom
18%
Moers204,617Germany
18%
Naberezhnye Chelny533,907Russia
18%
Pitești147,103Romania
18%
Târgu Mureș130,431Romania
18%
Zielona Góra140,297Poland
18%
Alcalá de Henares195,431Spain
17%
Alcorcón166,441Spain
17%
Babruysk216,793Belarus
17%
Bielsko-Biała171,259Poland
17%
Bytom166,795Poland
17%
Engels225,731Russia
17%
Horlivka244,033Ukraine
17%
Kecskemét110,687Hungary
17%
Koszalin107,321Poland
17%
Leganés176,575Spain
17%
Mataró129,212Spain
17%
Móstoles201,267Spain
17%
Oral314,758Kazakhstan
17%
Sosnowiec202,036Poland
17%
Zabrze173,374Poland
17%
Zoetermeer128,844Netherlands
17%
Almada215,970Portugal
16%
Atyrau349,143Kazakhstan
16%
Buzău105,896Romania
16%
Derbent124,677Russia
16%
Elista102,618Russia
16%
Fuenlabrada191,503Spain
16%
Khimki254,748Russia
16%
Khmelnytskyi271,263Ukraine
16%
Nalchik238,710Russia
16%
Nyíregyháza116,799Hungary
16%
Orsk227,924Russia
16%
Podolsk304,245Russia
16%
Recklinghausen110,759Germany
16%
Remscheid107,778Germany
16%
Taganrog248,664Russia
16%
Tarnów109,062Poland
16%
Tychy127,831Poland
16%
Anzio100,684Italy
15%
Barakaldo100,217Spain
15%
Cherepovets316,529Russia
15%
Chorzów108,434Poland
15%
Fuengirola123,859Spain
15%
Gorzów Wielkopolski123,921Poland
15%
Iserlohn103,254Germany
15%
Orsha114,135Belarus
15%
Parla130,103Spain
15%
Rybnik138,696Poland
15%
Alcobendas198,095Spain
14%
Baranavichy179,000Belarus
14%
Berdyansk110,455Ukraine
14%
Bila Tserkva208,944Ukraine
14%
Getxo123,074Spain
14%
Kalisz100,975Poland
14%
Kramatorsk153,911Ukraine
14%
Kremenchuk220,065Ukraine
14%
Kropyvnytskyi227,413Ukraine
14%
Lida101,928Belarus
14%
Makiivka343,158Ukraine
14%
Maykop140,539Russia
14%
Nikopol110,669Ukraine
14%
Pyatigorsk200,628Russia
14%
Salihorsk106,289Belarus
14%
Shakhty231,646Russia
14%
Syktyvkar244,797Russia
14%
Torrejón de Ardoz130,717Spain
14%
Torremolinos118,309Spain
14%
Włocławek110,802Poland
14%
Yoshkar-Ola271,868Russia
14%
Armavir190,205Russia
13%
Balakovo188,489Russia
13%
Dąbrowa Górnicza120,259Poland
13%
Dzerzhinsk229,470Russia
13%
Mazyr112,348Belarus
13%
Ruda Śląska138,000Poland
13%
Rybinsk186,575Russia
13%
Severodvinsk182,291Russia
13%
Sievierodonetsk103,479Ukraine
13%
Sloviansk109,812Ukraine
13%
Stary Oskol223,809Russia
13%
Volgodonsk171,952Russia
13%
Wałbrzych112,594Poland
13%
Yevpatoria107,650Ukraine
13%
Brovary106,346Ukraine
12%
Cherkessk122,804Russia
12%
Domodedovo133,528Russia
12%
Elektrostal157,371Russia
12%
Lüleburgaz119,460Turkey
12%
Nizhnekamsk238,879Russia
12%
Novocherkassk167,355Russia
12%
Pavlograd105,238Ukraine
12%
Silivri181,997Turkey
12%
Sterlitamak278,127Russia
12%
Syzran168,735Russia
12%
Volzhsky323,604Russia
12%
Alchevsk107,438Ukraine
11%
Batley / Dewsbury176,217United Kingdom
11%
Coslada121,048Spain
11%
Kamianske233,358Ukraine
11%
Kaspiysk119,238Russia
11%
Kolomna141,106Russia
11%
Korolyov / Shchyolkovo357,239Russia
11%
Kovrov135,949Russia
11%
Lyubertsy284,594Russia
11%
Novocheboksarsk126,794Russia
11%
Novomoskovsk123,211Russia
11%
Portugalete / Santurtzi / Sestao118,838Spain
11%
Pushkino106,836Russia
11%
Çerkezköy125,461Turkey
10%
Dimitrovgrad114,229Russia
10%
Kamyshin110,318Russia
10%
Kapaklı111,457Turkey
10%
Khasavyurt142,747Russia
10%
Kislovodsk129,098Russia
10%
Krasnogorsk171,793Russia
10%
Miass151,275Russia
10%
Murom108,121Russia
10%
Nazran119,842Russia
10%
Neftekamsk129,173Russia
10%
Novopolotsk101,125Belarus
10%
Novoshakhtinsk107,539Russia
10%
Odintsovo137,528Russia
10%
Serpukhov124,897Russia
10%
Viladecans / Gavà113,313Spain
10%
Zhukovsky209,019Russia
10%
Zlatoust165,375Russia
10%
Almetyevsk157,310Russia
9%
Arzamas103,930Russia
9%
Bataysk127,654Russia
9%
Berezniki141,276Russia
9%
Dolgoprudny112,007Russia
9%
Nevinnomyssk116,884Russia
9%
Noginsk102,295Russia
9%
Novokuybyshevsk100,940Russia
9%
Obninsk118,151Russia
9%
Oktyabrsky114,194Russia
9%
Orekhovo-Zuyevo118,004Russia
9%
Ramenskoye119,903Russia
9%
Salavat151,571Russia
9%
Sergiyev Posad101,967Russia
9%
Yelets103,179Russia
9%
Yessentuki110,479Russia
9%
Zheleznogorsk100,499Russia
9%
Pervouralsk122,183Russia
8%

Score Distribution

Percentile by Number Answered

Percent of People with Each Score

Your Score History

You have not taken this quiz since the last reset